000 01703cam a2200325ui 4500
999 _c1585
_d1585
003 OSt
005 20230113154410.0
008 140801s2013 nyua j b 001 0 eng d
020 _a9780753468876
040 _aCaBVA
_beng
_erda
_dCaOL
_dKH8
_c.
082 _a590 HYN
100 1 _aHynes, Margaret,
_d1970-
_eauthor.
245 1 0 _aAnimals /
_cauthor, Margaret Hynes ; illustrations, Andy Crisp.
246 3 3 _aPicture this.
_pAnimals.
264 1 _aNew York :
_bKingfisher,
_c[2013]
300 _a63 pages :
_bcolor illustrations ;
_c27 cm.
336 _atext
_astill image
_2rdacontent.
337 _aunmediated
_2rdamedia.
338 _avolume
_2rdacarrier.
490 1 _aPicture this.
500 _a"Amazing infographics and cool facts for kids!"--Cover.
504 _aIncludes bibliographical references and index .
505 0 _aMagnificent measures -- Animal kingdom -- Mammals -- Mammal lifestyles -- Bird abilities -- Reptile groups -- Amphibians -- Fish features -- Swimming styles -- Deep-sea life -- Spineless creatures -- Ingenious invertebrates -- Minute creatures -- Animal champions -- Animal senses -- Communication -- Hunters -- Animal defenses -- Criminals -- Courtship -- Growing up -- Life expectancy -- Animal homes -- Migrating animals -- Adaptations -- Conservation -- Useful charts.
520 _aPresents a visual introduction to animals, discussing physical characteristics, defenses, habitats, migration patterns, life cycles, and conservation.
650 0 _aAnimals
_vJuvenile literature.
650 0 _aAnimals
_vMiscellanea
_vJuvenile literature.
700 1 _aCrisp, Andy
_c(Illustrator),
_eillustrator.
830 0 _aPicture this (New York, N.Y.)
942 _2ddc
_cNFIC